000 00434nam a2200157Ia 4500
003 GCL
008 140319s9999 xx 000 0 eng d
040 _aGCL /
_cGCL
082 0 4 _a350
_bD T
100 1 _aDENHARDT, ROBERT B.
245 1 0 _aTheories Of Public Orgenization /
_cDENHARDT, ROBERT B.
260 _a[S.N] :
_bWADSWORTH PUBLISHING COMPANY ،
_c1993
300 _a260 P
650 0 4 _aPUBLIC ADMINISTRATION
942 _2ddc
_cBK
999 _c14452
_d14452